01186nam a22002897a 4500003001000000005001700010007000300027008004100030020001800071040003500089084000700124100003500131245004800166264002800214300006300242336002700305337001500332338001200347490004200359520032100401650003000722650004300752650002900795650002400824653002100848700002700869CO-MdUADB20240831092314.0ta240711s2023 |||a|||| |||| 00| 0 spa d a9789585197527 aCO-MdUADBbspacCO-MdUADBerda aLI aTrujillo Urrego, Catalinaeaut1 aAgustina y el baúl de las cosas aplazadas 1aBogotá : FCEb,c2023 a32 páginasbilustraciones a colorc24 x 17 centímetros 2rdacontentatextobtxt ano mediado avolumen1 aLos especiales a la orilla del viento3 aAgustina es una niña curiosa que se interesa por muchas cosas; quiere aprender, conocer, explorar y saber. Pero Agustina tiene un problema: tiene miedo, es insegura, y siempre le pasa algo que le hace perder el impulso, el ánimo, las ganas... Y así va creciendo y acumulando sueños que nunca materializa. 72lembaLiteratura infantil 72armarcaLibros ilustrados para niños 7aCuentos infantiles2lemb 0aEstrés en niños aProcastinación aBedout, Sandra deeill